| 000 | 00811nam a2200241Ia 4500 | ||
|---|---|---|---|
| 003 | OSt | ||
| 005 | 20221005112204.0 | ||
| 006 | a|||||r|||| 00| 0 | ||
| 007 | ta | ||
| 008 | 221004b |||||||| |||| 00| 0 pan d | ||
| 020 | _c125 | ||
| 024 | _a105149 | ||
| 037 |
_b7830/VIII/A, 31/01/2011, Arsee Publishers _cTextual |
||
| 040 |
_aCRL _cCRL _bpan |
||
| 041 |
_2pan _apan |
||
| 082 | _aQ8441:21:gx, 153P4 | ||
| 100 | _aਜਗਦੀਪ ਕੌਰ | ||
| 245 | 0 | _aਬਾਣੀ ਸੁਰਤਿ | |
| 260 |
_aਅੰਮ੍ਰਿਤਸਰ _bਨਾਨਕ ਸਿੰਘ ਪੁਸਤਕ ਮਾਲਾ ਭਾਰਤ _c2004 |
||
| 300 |
_a128ਪੰ _ccm. |
||
| 942 |
_hQ8441:21:gx, 153P4 _cTEXL _2cc |
||
| 999 |
_c1024128 _d1024128 |
||